Текст томруулах:    
Revista Centroamericana de Administración Pública (Бичлэгийн дугаар. 146838)
000 -УДИРДЛАГА
Удирдлага 00650nam a22002297a 4500
003 - ХЯНАЛТЫН ТОО ТОДОРХОЙЛОГЧ
Код MN-UlNUM
005 - БИЧИЛТ ХИЙСЭН ОГНОО
Тухайн бичилтийг бичсэн засварласан сүүлийн огноо 20260401181417.0
008 - ЕРӨНХИЙ МЭДЭЭЛЭЛ
Ерөнхий мэдээлэл 260401s1993 cr 00| u eng d
040 ## - БИЧЛЭГ ҮҮСГЭГЧ БАЙГУУЛЛАГА
Бичлэг үүсгэгч номын сангийн код МУИС-ийн номын сан
084 ## - ББК АНГИЛАЛ
Нэмэлт тусгалт Нэг сэдэвт бүтээл
ББК ангилал 66.2(7)
Зохиогчийн гурван тэмдэгт R 48
Мэдлэгийн ялгаа 66 - Улс төр
245 ## - ҮНДСЭН ГАРЧИГ
Номын нэр Revista Centroamericana de Administración Pública
Ботийн дугаар 24
260 ## - ГАРАЛТЫН МЭДЭЭ
Хэвлэгдсэн газар Costa Rica
Хэвлэлийн газар Instituto Centroamericano de Administración Pública
Хэвлэгдсэн он 1993
300 ## - МАТЕРИАЛЫН ТОДОРХОЙЛОЛТ
хуудасны тоо 157 p. :
Бусад тоон мэдээлэл illustrations ;
Хэмжээ 23 cm
490 ## - БОТЬ / ЦУВРАЛЫН ТУХАЙ МЭДЭЭ
Боть / цувралын дугаар 24
500 ## - Тайлбар
Дансны дугаар БС 4462
546 ## - ХЭЛНИЙ ТУХАЙ МЭДЭЭ
Хэл Англи хэл дээр,
653 ## - Түлхүүр үг
Түлхүүр үг public administration
653 ## - Түлхүүр үг
Түлхүүр үг central America
653 ## - Түлхүүр үг
Түлхүүр үг periodicals
942 ## - ЭЛЕМЕНТИЙН ТӨРӨЛ
Зүйлийн төрөл Ном